00720cam a2200253 4500001000800000005001700008008004100025010001700066015001200083020001500095040001800110041000800128080001500136082001500151100000700166101000800173245005500181350001200236504003000248906004500278942001200323999001700335952011400352362771820180215071444.0740605s1974 ne bs 001 0 eng  a 74167160  aNe74-13 a902372254X aDLCcDLCdDLC aeng a301.32 OVE00a301.32 OVE1 a16 aHIS10aHistory of population theories.c[By] J. Overbeek. afl51.50 aBibliography: p. 214-224. a7bcbccorignewd3encipf19gy-gencatlg 2ddccBK c42659d42659 00102udc40708PËKGa002b002cPËKGd2018-02-15l0o301.32 OVEp002-2998487r2018-02-15w2018-02-15yBK